| 000 | 00587nam a22001817a 4500 | ||
|---|---|---|---|
| 003 | NUST | ||
| 020 | _qHardcover. | ||
| 038 | _aMr. Zahoor | ||
| 082 | _a530 | ||
| 100 |
_aAhmad, Tanveer _917263 |
||
| 245 |
_aMotion of Particles in the vicinity of a slowly Rotating Black hole in horava-lifshitz Gravity _cTanveer Ahmad |
||
| 260 |
_aIslamabad : _bSNS - NUST, _c2016. |
||
| 300 |
_aviii, 66 p. : ill. ; _c30cm. |
||
| 650 |
_aPhysics - M. Phil Thesis _916472 |
||
| 700 |
_aDr. Ibrar Hussain _916887 |
||
| 856 | _uhttp://10.250.8.41:8080/xmlui/handle/123456789/4318 | ||
| 942 |
_2ddc _cTHE |
||
| 999 |
_c526287 _d526287 |
||